000 01455nam a2200349Ia 4500
001 ebr10194087
003 CaPaEBR
006 m u
007 cr cn|||||||||
008 070103s2007 enk sb 001 0 eng d
010 _z 2007060020
020 _z1403977526
040 _aCaPaEBR
_cCaPaEBR
035 _a(OCoLC)560442894
050 1 4 _aPR844.L68
_bS36 2007eb
100 1 _aSandy, Amelia Zurcher,
_d1965-
245 1 0 _aSeventeenth-century English romance
_h[electronic resource] :
_ballegory, ethics, and politics /
_cAmelia A. Zurcher.
260 _aBasingstoke ;
_aNew York :
_bPalgrave Macmillan,
_cc2007.
300 _aviii, 226 p.
504 _aIncludes bibliographical references and index.
533 _aElectronic reproduction.
_bPalo Alto, Calif. :
_cebrary,
_d2009.
_nAvailable via World Wide Web.
_nAccess may be limited to ebrary affiliated libraries.
650 0 _aLove stories, English
_xHistory and criticism.
650 0 _aEnglish fiction
_yEarly modern, 1500-1700
_xHistory and criticism.
650 0 _aPolitics and literature
_zEngland
_xHistory
_y17th century.
650 0 _aLove
_xMoral and ethical aspects.
650 0 _aEthics in literature.
650 0 _aLove in literature.
650 0 _aSelf-interest.
655 7 _aElectronic books.
_2local
710 2 _aebrary, Inc.
856 4 0 _uhttp://site.ebrary.com/lib/rucke/Doc?id=10194087
_zAn electronic book accessible through the World Wide Web; click to view
999 _c221251
_d221251